| 000 | 00708nam a22002177a 4500 | ||
|---|---|---|---|
| 005 | 20210708093428.0 | ||
| 008 | 210708b sp ||||| |||| 00| 0 spa d | ||
| 020 | _a8486153638 | ||
| 050 | 0 | 4 |
_aP90 _bV69 1984 |
| 100 | 1 | _aVoyenne, Bernard | |
| 240 | 1 | o | _aL'information D'Aujourd'Hui |
| 245 | 1 | 3 |
_aLa información hoy _c/ Bernard Voyenne ; colección dirigida por Roberto Coll-Vinent |
| 250 | _a1a ed. | ||
| 260 |
_aBarcelona, España : _bMitre, _c1984 |
||
| 300 |
_a252 p. : _bil. ; _c21 cm. |
||
| 490 | 0 | _aLibros de Comunicación Social | |
| 504 | _aIncluye anexos, bibliografías | ||
| 650 | 7 |
_2lemb _aMedios de comunicación masiva _zFrancia |
|
| 700 | 1 | _aColl-Vinent, Roberto | |
| 942 |
_2lcc _cLIB |
||
| 999 |
_c156892 _d156890 |
||